| 000 | 00543nam a2200181Ia 4500 | ||
|---|---|---|---|
| 999 |
_c14801 _d14801 |
||
| 003 | OSt | ||
| 005 | 20201020125656.0 | ||
| 008 | 190216s9999||||xx |||||||||||||| ||und|| | ||
| 020 | _a9781846841552 | ||
| 040 | _coclc | ||
| 082 |
_a150.1952092 _bSUR/F |
||
| 100 |
_aSurprenant, Celine _95945 |
||
| 245 | 0 |
_aFreud A Guide For The Perplexed / _cCeline Surprenant |
|
| 260 |
_bViva-Continuam Edition , _c2008. _aLondon: |
||
| 300 | _a184p | ||
| 650 | _aEnglish | ||
| 942 |
_cBK _2ddc _h150.1952092 _iSUR/F _k150.1952092 _mSUR/F |
||